Digital logic circuits / (Record no. 51112)

MARC details
000 -LEADER
fixed length control field 01012nam a22002657a 4500
005 - DATE AND TIME OF LATEST TRANSACTION
control field 20110317111513.0
008 - FIXED-LENGTH DATA ELEMENTS--GENERAL INFORMATION
fixed length control field 110317t xxu||||| |||| 00| 0 eng d
010 ## - LCCN (DPL NO)
LC control number ENG-102153
020 ## - INTERNATIONAL STANDARD BOOK NUMBER
International Standard Book Number 9788125942412
Terms of availability 295.00
035 ## - SYSTEM CONTROL NUMBER
System control number EN-85686
037 ## - SOURCE OF ACQUISITION
Source of stock number/acquisition DBAD/PUB
040 ## - CATALOGING SOURCE
Original cataloging agency dpl
Language of cataloging Eng
082 ## - DEWEY DECIMAL CLASSIFICATION NUMBER
Classification number 621.395
100 1# - MAIN ENTRY--PERSONAL NAME
9 (RLIN) 26630
Personal name Salivahanan, S.
245 10 - TITLE STATEMENT
Title Digital logic circuits /
Statement of responsibility, etc by S. Salivahanan [and] S. Arivazhagan
260 ## - PUBLICATION, DISTRIBUTION, ETC. (IMPRINT)
Place of publication, distribution, etc Noida
Name of publisher, distributor, etc Vikas Publishing House
Date of publication, distribution, etc 2011
270 ## - ADDRESS
Address E-28, Sector-8
City Noida
Postal code 201301
300 ## - PHYSICAL DESCRIPTION
Extent xiv,506p. :
Dimensions 24cm (pbk)
Other physical details ill.
490 ## - SERIES STATEMENT
Series statement Vikas -student series
-- 26648
650 #0 - SUBJECT ADDED ENTRY--TOPICAL TERM
9 (RLIN) 26631
700 ## - ADDED ENTRY--PERSONAL NAME
9 (RLIN) 26636
Personal name Arivazhagan, S.
942 ## - ADDED ENTRY ELEMENTS (KOHA)
Source of classification or shelving scheme Dewey Decimal Classification
Item type English Books
Call number suffix SAL
Classification part 621.395
Holdings
Withdrawn status Lost status Source of classification or shelving scheme Damaged status Not for loan Collection code Home library Current library Date acquired Source of acquisition Cost, normal purchase price Total Checkouts Full call number Barcode Date last seen Copy number Cost, replacement price Koha item type
    Dewey Decimal Classification   Not For Loan Non-fiction D.B.Act.Division D.B.Act.Division 17/03/2011 DBAD/PUB 295.00   621.395 SAL EN-85686 17/03/2011 1 295.00 English Books

© Delhi Public Library
Hit Counter
free hit counter